000 00604nam a22001817a 4500
999 _c187444
_d187444
005 20220419171844.0
010 _aENG-132328
020 _a9788189941291
_c100.00
035 _aEN-115860
037 _bDBAD/PUB
082 _a636.0821
100 _aKumaresan, V.
245 _aAppllied Animal Biotechnology/
_cV. Kumaresan
260 _aTamil Nadu
_bSaraS Publication
_c2008
270 _a114/35G A.R.P. Camp Road, Periavilai, Kottar P.O. Nagercoil Kanyakumari Dist.
_bTamil Nadu
_e629002
_minfo@saraspublication.com
300 _a285p.
_c22cm(pbk)
942 _2ddc
_cEN
_h636.0821
_mKUM